000 00304nam a2200121Ia 4500
008 191201s2003 xx 000 0 und d
100 _aMISHRA,S.P
245 0 _aLab Experiment on Textile Chemical Processing
260 _c2003
_bNCUTE-IIT DELHI
300 _a110
650 _aB.Tech(TE)
942 _2ddc
_cBK
999 _c6804
_d6804